| 000 | 00543nam a22001932 4500 | ||
|---|---|---|---|
| 001 | 0000002224 | ||
| 005 | 20151217155815.0 | ||
| 008 | 070404s xx 000 0 eng d | ||
| 040 |
_aKABU _cKABU |
||
| 050 | 0 |
_aHF5686 _b.C8H67 |
|
| 100 | 1 |
_aHussain, Ashiq. _@0000149947 |
|
| 245 | 1 | 0 | _aAid to passing CPA Section 2 Accounting II Costing. |
| 260 |
_aNairobi : _bEAEP, _c1985. |
||
| 300 | _a285 p. | ||
| 650 | 0 |
_aCost accounting. _@0000151497 |
|
| 908 | _a070404 | ||
| 950 | _@1 | ||
| 999 |
_c12692 _d12692 |
||